Normal view MARC view
  • Yroza, Zao

Entry Nombre Personal

Number of records used in: 1

001 - NUMERO DE CONTROL

  • campo de control: 50425

003 - IDENTIFICADOR DE NUMERO DE CONTROL

  • campo de control: MX-MxUPN

005 - FECHA Y HORA DE LA ÜLTIMA TRANSACCIÓN

  • campo de control: 20231024131327.0

008 - DATOS DE LONGITUD FIJA

  • campo de control de longitud fija: 231024nn annnnaabn n ana d

040 ## - FUENTE DE CATALOGACIÓN

  • Agencia original de catalogación: MX-MxUPN
  • Lenguaje de catalogación: spa

100 1# - ENCABEZAMIENTO - NOMBRE PERSONAL

  • Nombre personal: Yroza, Zao

670 ## - FUENTE EN LA QUE SE LOCALIZARON DATOS

  • Cita de la fuente: Zoa y Azor, 2006 :
  • Información localizada: portada (Zao Yroza)

902 ## - CATALOGADOR

  • Catalogador: VíctorGodínez/241023